Les acteurs français du cinéma - Statistiques

Statistiques générales
  • Ce quiz a été pris 102 fois
  • Le résultat moyen est 16 sur 30
Statistiques - réponses
Films Acteur % Correct
Banzaï - Tchao Pantin - Le maître d'école Coluche
86%
Le Père Noël est une ordure - Qu'est-ce qu'on a fait au Bon Dieu - Les Bronzés font du ski Christian Clavier
76%
Les visiteurs - Subway - L'enquête Corse Jean Reno
73%
Monsieur Batignole - Scout toujours - Pinot simple filc Gérard Jugnot
71%
Jean de Florette - La folie des grandeurs - I comme Icare Yves Montand
71%
Ni vu ni connu - Fantomas - Le grand restaurant Louis de Funès
69%
Je vous trouve très beau - 93, rue Lauriston - Marche à l'ombre Michel Blanc
68%
Les enfants du marais - L'été en pente douce - La soupe aux choux Jacques Villeret
65%
Le bossu - Le miracle des louips - Fantomas Jean Marais
65%
Le clan des Siciliens - La traversée de Paris - Le Président Jean Gabin
61%
Le cercle rouge - Le cerveau - Un drôle de paroissien Bourvil
58%
La cage aux folles - Les enfants du marais - Docteur Petiot Michel Serrault
58%
Marche à l'ombre - Les spécialistes - Les Lyonnais Gérard Lanvin
57%
Le toubib - Le gitan - Flic Story Alain Delon
55%
Buffet froid - Les tontons flingueurs - C'est dur pour tout le monde Bernard Blier
55%
Un éléphant ça trompe énormément - Nous irons tous au paradis - Le moustachu Jean Rochefort
55%
Le Schpountz - Topaze - Crésus Fernandel
52%
Dernier domicile connu - L'armée des ombres - Adieu poulet Lino Ventura
50%
Le vieux fusil - Le serpent - Coup de torchon Philippe Noiret
50%
Le viager - Le juge et l'assassin - Les sous doués Michel Galabru
48%
Les valseuses - Inspecteur la bavure - Fort Saganne Gérard Depardieu
46%
Ne nous fâchons pas - Un idiot à Paris - Mais où est donc passée la septième compagnie Jean Lefebvre
46%
Les choses de la vie - Le mépris - Habemus papam Michel Piccoli
43%
Les spécialistes - L'année des méduses - Le grand pardon Bernard Giraudeau
39%
Fric frac - Drôle de drame - Boudu sauvé des eaux Michel Simon
31%
Perceval le Gallois - P.R.O.F.S - Jeanne Fabrice Luchini
29%
L'aîné des Ferchaux - Le salaire de la peur - Les misérables Charles Vanel
27%
Les Aventures de Rabbi Jacob - Le pion - Les Vieux fourneaux Henri Guybet
23%
Les vieux de la vieille - L'assassin habite au 21 - La grande illusion Pierre Fresnay
23%
Place Vendôme - Rive droite rive gauche - Les galettes de Pont-Aven Bernard Fresson
12%
Aucun quiz correspondant
Distribution des résultats
% des personnes avec chaque résultat
Percentile par nombre de réponses
Votre historique - résultats
Vous n’avez pas pris ce quiz